000 00540nam a22001577a 4500
003 OSt
005 20151101155258.0
008 151101b xxu||||| |||| 00| 0 eng d
040 _cRUA
082 _aFOR សុង 1991 B116 Or.1
100 _93157
_aសុង ឃាង
245 _aការស្រោចស្រង់ធនធានព្រៃឈើក្រោយសង្គ្រាមនៅក្នុងខេត្តរតនគិរី
260 _aPhnom Penh
_bRUA
_c1991
300 _a66p.
_bill.
_c29cm.
942 _2ddc
_cFOR
999 _c2945
_d2945